Responses for show #3964 - Thursday, November 22, 2001

Trevor Norris game 4.

(Cheryl: Hi, I'm Cheryl of the Clue Crew. You wouldn't believe where I have sand after taping clues for Jeopardy!--next.)

Contestants

James Kossuth, a lexicographer originally from Melrose, Massachusetts

Linda Lin, a computer consultant and trainer from Bedford, New Hampshire

Trevor Norris, a management analyst from Washington, D.C. (whose 3-day cash winnings total $22,802)

Jeopardy! Round responses

THE NORTHERNMOST CAPITAL CITY
GARDENING
LITERA-SEA
THE INTERNATIONAL CINEPLEX
DONKEYS & ELEPHANTS
SPECIAL "ED"
    $100 1
Copenhagen

James
    $100 11
fern

Linda
    $100 30
Stephen Crane

Trevor
    $100 20
Charlie's Angels

Linda
    $100 16
mule

Linda
    $100 3
editorial

Trevor
    $200 2
Mexico City

Linda
    $200 12
(Linda: What is a graft?)

cuttings

Linda
Triple Stumper
    $200 26
Gene Hackman

James
    $200 21
Free Willy

Trevor
    $200 17
(James: What is a trunk?)

tusk

LindaJames
    $200 4
Edsel Ford

James
    $300 8
Beijing

James
    $300 13
weeding

Linda
    $300 27
"The Hunt for Red October"

Trevor
    $300 22
Almost Famous

James
    $300 18
Jumbo

Linda
    $300 5
Dame Edna Everage

Trevor
    $400 9
Tripoli

Trevor
    $400 14
tea roses

James
    $400 28
"Jonathan Livingston Seagull"

James
    $400 23
U.S. Marshals

James
    $400 19
Babar

James
    $400 6
Garden of Eden

Trevor
    $500 10
New Delhi

James
    $500 15
topiary

Trevor
    $500 29
the Titanic

Triple Stumper
    $500 24
(Linda: What is "Urban Legends?")
(Alex: Sorry, Linda; you added an "s".)

Urban Legend

Linda
Triple Stumper
    $500 25
Thomas Nast

Triple Stumper
    $500 7
Edinburgh

Trevor

Scores at the first commercial break (after clue 15):

Trevor Linda James
$2,200 $400 $1,500

Scores at the end of the Jeopardy! Round:

Trevor Linda James
$2,800 $600 $3,000

Double Jeopardy! Round responses

20th CENTURY LIVES
6-LETTER WORDS
ABOVE THE WAIST
ASCENT OF EVEREST
ACCENT ON ENGLAND
A SENSE OF DECORUM
    $200 11
Yitzhak Rabin

Trevor
    $200 1
salmon

Linda
    $200 6
brain

Trevor
    $200 15
Sir Edmund Hillary

Trevor
    $200 21
Gwyneth Paltrow

Trevor
    $200 30
napkin

Linda
    $400 12
Errol Flynn

Trevor
    $400 2
Friday

Linda
    $400 7
mammary glands

Trevor
    $400 16
(Alex: Or chardonnay; I'm not sure which one!)

oxygen

James
    $400 22
Dick Van Dyke

Trevor
    $400 28
corsage

Linda
    $600 13
Ray Kroc

James
    $600 3
ageism

Linda
    $600 8
snuffbox

Trevor
    $600 17
IMAX

James
    $600 23
Jodie Foster

Trevor
    $1,500 26
the best man

Linda
    $800 14
Joseph Goebbels

James
    $1,200 4
police

Linda
    $800 9
bile

Linda
    $800 18
skied

Trevor
    $800 24
Julianne Moore

Trevor
    $800 27
artichoke

Trevor
    $1000 20
Flannery O'Connor

Triple Stumper
    $1000 5
(James: What is a juicer?)

zester

LindaJames
    $1000 10
orbit

Trevor
    $1000 19
George Mallory

James
    $1000 25
Ben Affleck

Linda
    $1000 29
flute glasses

Trevor

Scores at the end of the Double Jeopardy! Round:

Trevor Linda James
$10,400 $7,900 $5,400

[wagering suggestions for these scores]

Final Jeopardy! Round responses

FADS
JamesWhat is Paint by Numbers?
$1,000
LindaWhat is hula-hoops?
$2,500
TrevorWhat is Paint By Numbers?
$5,401
Paint by Numbers

Final scores:

Trevor Linda James
$15,801 $5,400 $6,400
4-day champion: $38,603 3rd place: HSN.com Shopping Spree 2nd place: Trip to Breezes Golf & Beach Resort, Jamaica

Game dynamics:

Coryat scores:

Trevor Linda James
$10,400 $6,600 $5,400
23 R
(including 1 DD),
0 W
17 R
(including 2 DDs),
2 W
15 R,
2 W

Combined Coryat: $22,400

The J! Archive is created by fans, for fans. The Jeopardy! game show and all elements thereof, including but not limited to copyright and trademark thereto, are the property of Jeopardy Productions, Inc. and are protected under law. This website is not affiliated with, sponsored by, or operated by Jeopardy Productions, Inc. Join the discussion at JBoard.tv.